00000000nam 2200000zi 4500
0019.945387
003CaOODSP
00520241120150121
006m     o  d f      
007cr |n|||||||||
008241120e197801##qucb    ob   f000 0 fre d
040 |aCaOODSP|bfre|erda|cCaOODSP
043 |an-cn-qu
0861 |aEn153-119/16F-PDF
1001 |aSydor, Maurice, |eauteur.
24510|aÉtude d'un modèle bidimensionnel pour le fleuve Saint-Laurent / |cMaurice Sydor.
264 1|a[Québec] : |bEnvironnement Canada, |cJanvier 1978.
300 |a1 ressource en ligne (136 pages) : |bcartes.
336 |atexte|btxt|2rdacontent/fre
337 |ainformatique|bc|2rdamedia/fre
338 |aressource en ligne|bcr|2rdacarrier/fre
4901 |aRapport technique ; |vNo. 16
500 |aÉdition numérisée de l’imprimé [par Environnement et Changement climatique Canada].
500 |a« Rapport soumis au Comité d'étude sur le fleuve Saint-Laurent par Direction de la planification et de la gestion (eaux) (Environnement Canada). »
504 |aComprend des références bibliographiques (pages 43-44).
520 |a« La simulation du fleuve Saint-Laurent par modèle mathématique a été entreprise dans le but de mieux connaître le comportement du fleuve afin de pouvoir utiliser un modèle d'évolution de nappes d'huile. Ce modèle simulerait les conditions de différents désastres sur le fleuve pour planifier le travail de protection de l'environnement et assurer la disponibilité, dans différents secteurs du fleuve, des moyens d'urgence requis pour le nettoyage »--Introduction.
650 6|aHydrologie|zSaint-Laurent (Fleuve)|xModèles mathématiques.
650 0|aHydrology|zSaint Lawrence River|xMathematical models.
7102 |aComité d'étude sur le fleuve Saint-Laurent (Canada), |eorganisme de publication.
7101 |aCanada. |bEnvironnement Canada, |eorganisme de publication.
7101 |aCanada. |bDirection générale des eaux intérieures. |bDirection de la planification et de la gestion (Eaux)., |eorganisme de publication.
830#0|aRapport technique (Comité d'étude sur le fleuve Saint-Laurent (Canada))|vNo. 16.|w(CaOODSP)9.939021
85640|qPDF|s1556 Ko|uhttps://publications.gc.ca/collections/collection_2024/eccc/en153/En153-119-16-fra.pdf